Spon's house improvement price book (Record no. 105420)

MARC details
000 -LEADER
fixed length control field 00922cam a2200241 4500
001 - CONTROL NUMBER
control field ##L133554
008 - FIXED-LENGTH DATA ELEMENTS--GENERAL INFORMATION
fixed length control field 060518n2005 000 0 eng u
020 ## - INTERNATIONAL STANDARD BOOK NUMBER
International Standard Book Number 0415370434
035 ## - SYSTEM CONTROL NUMBER
System control number (Sirsi) u133554
041 0# - LANGUAGE CODE
Language code of text/sound track or separate title eng
050 04 - LIBRARY OF CONGRESS CALL NUMBER
Classification number 692.5 $2 18
100 1# - MAIN ENTRY--PERSONAL NAME
Personal name Spain, Bryan
245 00 - TITLE STATEMENT
Title Spon's house improvement price book
250 ## - EDITION STATEMENT
Edition statement 3rd ed.
260 ## - PUBLICATION, DISTRIBUTION, ETC.
Place of publication, distribution, etc. Abingdon
Name of publisher, distributor, etc. Taylor and Francis
Date of publication, distribution, etc. 2005
300 ## - PHYSICAL DESCRIPTION
Extent xxvii, 479p.
Dimensions 23cm.
350 ## - PRICE (NR) (BK AM CF MU VM SE) [OBSOLETE]
Price 49 99
505 1# - FORMATTED CONTENTS NOTE
Formatted contents note House extensions -- Loft conversions -- Insulation work -- Damage repairs -- Kitchen -- Alterations -- Plant and tool hire.
520 ## - SUMMARY, ETC.
Summary, etc. Aimed at contractors and small businesses carrying out domestic construction works, this book contains accurate commercial and cost information on thousands of rates, each broken down to labour, material overheads and profits.
590 ## - LOCAL NOTE (RLIN)
Local note BUILT ENVIRONMENT-BUILDING COSTS
942 ## - ADDED ENTRY ELEMENTS (KOHA)
Suppress in OPAC 0
Holdings
Withdrawn status Lost status Source of classification or shelving scheme Damaged status Not for loan Home library Current library Shelving location Date acquired Cost, normal purchase price Total Checkouts Full call number Barcode Date last seen Date last checked out Copy number Cost, replacement price Price effective from Koha item type
    Dewey Decimal Classification     London London Basement 14/06/2006 49.99 21 RESERVE 30073034 06/08/2019 18/09/2009 1 49.99 06/08/2019 Book